02945nam a2200385 i 450000100090000000300060000900500170001500600190003200700150005100800410006602000180010702400350012503500170016003900120017704000430018904100080023205000230024010000360026324500760029924600220037525000200039726000420041730000240045949000460048350000200052952016360054965000640218565000340224965000440228365000550232765000590238294200080244195200950244999900150254410477923CaAEU20250625143215.0m o d cr cnu|||unuuu240528s2024 sz a o 001 0 eng d a97830315316757 a10.1007/978-3-031-53168-22doi aon1435875773 aexclude aGW5XEbengerdaepncGW5XEdOCLCOdAEU aeng 4aPE1478 b.W34 2013 aWallwork, Adrianeauthor92506310aEnglish for academic researchp: grammar exercises c/ Adrian Wallwork.30aGrammar exercises aSecond edition. aCham, Switzerland :bSpringer,c2024. a236 pages :c23 cm. aEnglish for academic research,x2625-3453 aIncludes index. aThis book is based on a study of referees' reports and letters from journal editors on reasons why papers written by non-native researchers are rejected due to problems with English grammar. The exercises include the following areas: active vs passive, use of we articles (a/an, the, zero) and quant1ifiers (some, any, few etc.) conditionals and modals countable and uncountable nouns genitive infinitive vs -ing form numbers, acronyms, abbreviations relative clauses and which vs that tenses (e.g. simple present, simple past, present perfect) word order This new edition includes exercises on using Large Language Models for generating and correcting emails, plus a separate chapter on using automatic translation. English for Academic Research: Grammar Exercises is designed for self-study and there is a key to all exercises. Most exercises require no actual writing but simply choosing between various options, thus facilitating e-reading and rapid progress. The exercises can also be integrated into English for Academic Purposes (EAP) and English for Special Purposes (ESP) courses at universities and research institutes. The book can be used in conjunction with the other exercise books in the series and is cross-referenced to: English for Research: Usage, Style, and Grammar English for Writing Research Papers English for Academic Correspondence and Socializing Adrian Wallwork edits scientific papers and teaches English for Academic Purposes (EAP) to PhD students. In addition to his many books for Springer, he has written course books for Oxford University Press and discussion books for Cambridge University Press. 0aEnglish languagexGrammarvProblems, exercises, etc.925214 0aLanguage and languages911810 0aGrammar, Comparative and general925064 0aAcademic writingvProblems, exercises, etc.925212 0aEnglish languagevTextbooks for foreign speakers96478 2lcc 00102lcc4070aTBSbTBSd2025-03-26l0oPE1478 WALpB05848r2025-03-26t1w2025-03-26y1 c4598d4598